[Event "BRA TR Sudeste"]
[Site "Vitoria"]
[Date "2008.05.01"]
[Round "2.9"]
[White "Souza Filho, Namyr Carlos"]
[Black "Galdino, Paulo Silva"]
[Result "1-0"]
[WhiteElo "2122"]
[BlackElo "1968"]
[PlyCount "87"]
[EventDate "2008.05.01"]
[EventType "swiss"]
[EventRounds "7"]
[EventCountry "BRA"]
[SourceTitle "EXT 2022"]
[Source "ChessBase"]
[SourceDate "2021.10.06"]
[SourceVersion "1"]
[SourceVersionDate "2021.10.06"]
[SourceQuality "1"]

1. c4 Nf6 2. Nc3 e6 3. g3 d5 4. d4 Bb4 5. Nf3 0-0 6. Bg2 Ne4 7. Bd2 Nxd2 8. Nxd2 c6 9. 0-0 dxc4 10. Nxc4 Na6 11. a3 Be7 12. Qd3 Nc7 13. Rfd1 f5 14. e3 Bf6 15. Rac1 Nd5 16. Ne5 Bxe5 17. dxe5 Qc7 18. Nxd5 exd5 19. Qxd5+ Kh8 20. Qd6 Qf7 21. b4 Be6 22. b5 cxb5 23. Bxb7 Qxb7 24. Qxe6 Qe4 25. Qd5 Rae8 26. Qxe4 fxe4 27. Rd5 a6 28. Rc6 Ra8 29. Rd4 a5 30. Rxe4 b4 31. axb4 a4 32. b5 a3 33. Ra6 Rab8 34. Rb4 Rfc8 35. f4 Rd8 36. Rxa3 Rd2 37. Rd4 Rb2 38. Rad3 Kg8 39. Rd8+ Rxd8 40. Rxd8+ Kf7 41. Rb8 Ke6 42. e4 Rb4 43. b6 Rxe4 44. b7 1-0

[Event "BRA CEAX op 1st "]
[Site "Brazil"]
[Date "2003.03.23"]
[Round "6"]
[White "Galdino, Paulo Silva"]
[Black "Tristao, M."]
[Result "0-1"]
[WhiteElo "1817"]
[BlackElo "1800"]
[PlyCount "68"]
[EventDate "2003.03.21"]
[EventType "swiss"]
[EventRounds "6"]
[EventCountry "BRA"]
[SourceTitle "EXT 2006"]
[Source "ChessBase"]
[SourceDate "2005.11.24"]
[SourceVersion "1"]
[SourceVersionDate "2005.11.24"]
[SourceQuality "1"]

1. e4 c5 2. Nf3 d6 3. d4 cxd4 4. Nxd4 Nf6 5. Nc3 a6 6. Bd3 e6 7. Be3 b5 8. a3 Nbd7 9. f4 Bb7 10. b4 Qc7 11. Nce2 Nxe4 12. 0-0 g6 13. Nb3 Bg7 14. Bd4 Bxd4+ 15. Nbxd4 Nc3 16. Qd2 Nxe2+ 17. Qxe2 0-0 18. Kh1 Rac8 19. Be4 Bxe4 20. Qxe4 Qc4 21. Rfe1 e5 22. fxe5 dxe5 23. Nf3 Qxe4 24. Rxe4 f5 25. Re2 e4 26. Ng5 Ne5 27. a4 Rf6 28. axb5 axb5 29. g3 h6 30. Nh3 Nc4 31. Rf1 g5 32. Rxe4 Nd2 33. Ree1 Nxf1 34. Rxf1 Rxc2 0-1

[Event "BRA CEAX op 1st "]
[Site "Brazil"]
[Date "2003.03.23"]
[Round "5"]
[White "Lage, Sergio Correa Magal"]
[Black "Galdino, Paulo Silva"]
[Result "1-0"]
[WhiteElo "1852"]
[BlackElo "1817"]
[PlyCount "61"]
[EventDate "2003.03.21"]
[EventType "swiss"]
[EventRounds "6"]
[EventCountry "BRA"]
[SourceTitle "EXT 2006"]
[Source "ChessBase"]
[SourceDate "2005.11.24"]
[SourceVersion "1"]
[SourceVersionDate "2005.11.24"]
[SourceQuality "1"]

1. e4 c5 2. Nc3 d6 3. g3 Nf6 4. Bg2 Nc6 5. Nge2 g6 6. 0-0 Bg7 7. d3 0-0 8. f4 Bd7 9. h3 h5 10. Be3 Qc8 11. Kh2 b6 12. Qd2 Rb8 13. Rf2 a6 14. Raf1 b5 15. a3 b4 16. axb4 Rxb4 17. b3 Rb8 18. f5 Ne5 19. fxg6 fxg6 20. Bh6 Bxh6 21. Qxh6 Nfg4+ 22. hxg4 Nxg4+ 23. Kg1 Nxh6 24. Rxf8+ Qxf8 25. Rxf8+ Rxf8 26. Nf4 Kh7 27. Ncd5 e5 28. Nh3 Ng4 29. Bf1 a5 30. Nb6 Be6 31. Ng5+ 1-0

[Event "BRA CEAX op 1st "]
[Site "Brazil"]
[Date "2003.03.22"]
[Round "4"]
[White "Galdino, Paulo Silva"]
[Black "Oliveira, Aaron"]
[Result "1-0"]
[WhiteElo "1817"]
[BlackElo "1824"]
[PlyCount "89"]
[EventDate "2003.03.21"]
[EventType "swiss"]
[EventRounds "6"]
[EventCountry "BRA"]
[SourceTitle "EXT 2006"]
[Source "ChessBase"]
[SourceDate "2005.11.24"]
[SourceVersion "1"]
[SourceVersionDate "2005.11.24"]
[SourceQuality "1"]

1. e4 c6 2. d4 d5 3. Nd2 dxe4 4. Nxe4 Nf6 5. Nxf6+ exf6 6. Nf3 Bd6 7. Be2 Na6 8. 0-0 Nc7 9. c4 b6 10. h3 Bf5 11. Bd3 Bxd3 12. Re1+ Ne6 13. Qxd3 0-0 14. Be3 Nc5 15. Qc2 Ne6 16. Rad1 Qc7 17. a3 a5 18. c5 bxc5 19. dxc5 Be7 20. Qc4 Rad8 21. Nh4 Rxd1 22. Rxd1 Rd8 23. Rxd8+ Qxd8 24. Nf5 Qd1+ 25. Kh2 Bd8 26. Qa6 Bc7+ 27. g3 Qd8 28. Qxc6 g6 29. Nd6 f5 30. Qe8+ Qxe8 31. Nxe8 f4 32. Bd2 a4 33. Nxc7 Nxc7 34. Bxf4 Nd5 35. c6 Ne7 36. c7 Nc8 37. Kg2 Kf8 38. Kf3 Ke7 39. Ke4 Ke6 40. Kd4 f6 41. h4 Kd7 42. Kc5 g5 43. hxg5 fxg5 44. Bxg5 Kxc7 45. Kb5 1-0

[Event "BRA CEAX op 1st "]
[Site "Brazil"]
[Date "2003.03.22"]
[Round "3"]
[White "Rangel Neto, Celso"]
[Black "Galdino, Paulo Silva"]
[Result "1-0"]
[WhiteElo "1800"]
[BlackElo "1817"]
[PlyCount "29"]
[EventDate "2003.03.21"]
[EventType "swiss"]
[EventRounds "6"]
[EventCountry "BRA"]
[SourceTitle "EXT 2006"]
[Source "ChessBase"]
[SourceDate "2005.11.24"]
[SourceVersion "1"]
[SourceVersionDate "2005.11.24"]
[SourceQuality "1"]

1. e4 c5 2. Nf3 d6 3. d4 cxd4 4. Nxd4 Nf6 5. Nc3 a6 6. Bd3 g6 7. Bg5 Bg7 8. Qd2 Nxe4 9. Bxe4 Qb6 10. Nb3 Nc6 11. Be3 Qc7 12. Nd5 Qd8 13. Bb6 Qd7 14. Nc7+ Kf8 15. Nxa8 1-0